[Event "Senior Women Russian Championship 2022_HL"]
[Site "Saint-Petersburg, Russia"]
[Date "2022.10.01"]
[Round "8.1"]
[White "Bogumil, Tatiana"]
[Black "Strutinskaia, Galina"]
[Result "1/2-1/2"]
[TimeControl "Standard: 90min/40moves+30min/end+30sec increment per move starting from move 1"]
[WhiteElo "2182"]
[BlackElo "2097"]

1. e4 {[%clk 01:30:51]} {[%emt 00:00:07]} c5 {[%clk 01:30:55]} {[%emt
00:00:06]} 2. Nc3 {[%clk 01:30:51]} {[%emt 00:00:30]} e6 {[%clk 01:30:56]}
{[%emt 00:00:30]} 3. Nf3 {[%clk 01:24:01]} {[%emt 00:07:19]} Nc6 {[%clk
01:30:42]} {[%emt 00:00:43]} 4. d4 {[%clk 01:21:00]} {[%emt 00:03:31]} cxd4
{[%clk 01:31:03]} {[%emt 00:00:10]} 5. Nxd4 {[%clk 01:21:27]} {[%emt 00:00:03]}
Nf6 {[%clk 01:31:21]} {[%emt 00:00:12]} 6. Nb3 {[%clk 01:17:42]} {[%emt
00:04:15]} a6 {[%clk 01:26:50]} {[%emt 00:05:01]} 7. a4 {[%clk 01:16:21]}
{[%emt 00:01:51]} Bb4 {[%clk 01:26:23]} {[%emt 00:00:57]} 8. Bd3 {[%clk
01:09:47]} {[%emt 00:07:03]} d5 {[%clk 01:21:43]} {[%emt 00:05:10]} 9. O-O
{[%clk 00:59:15]} {[%emt 00:11:02]} d4 {[%clk 01:15:13]} {[%emt 00:07:01]} 10.
Ne2 {[%clk 00:58:32]} {[%emt 00:01:13]} e5 {[%clk 01:15:27]} {[%emt 00:00:17]}
11. c3 {[%clk 00:57:31]} {[%emt 00:01:30]} dxc3 {[%clk 01:15:29]} {[%emt
00:00:28]} 12. bxc3 {[%clk 00:57:34]} {[%emt 00:00:27]} Be7 {[%clk 01:15:09]}
{[%emt 00:00:50]} 13. Ng3 {[%clk 00:53:43]} {[%emt 00:04:20]} Bg4 {[%clk
01:14:01]} {[%emt 00:01:38]} 14. f3 {[%clk 00:48:07]} {[%emt 00:06:07]} Be6
{[%clk 01:13:49]} {[%emt 00:00:42]} 15. Rb1 {[%clk 00:39:02]} {[%emt 00:09:35]}
O-O {[%clk 01:12:22]} {[%emt 00:01:56]} 16. Be3 {[%clk 00:38:33]} {[%emt
00:00:59]} Nd7 {[%clk 01:09:24]} {[%emt 00:03:29]} 17. Qe2 {[%clk 00:37:13]}
{[%emt 00:01:49]} Bxb3 {[%clk 01:03:41]} {[%emt 00:06:13]} 18. Rxb3 {[%clk
00:34:47]} {[%emt 00:02:55]} Nc5 {[%clk 01:03:57]} {[%emt 00:00:16]} 19. Bxc5
{[%clk 00:34:28]} {[%emt 00:00:48]} Bxc5+ {[%clk 01:04:22]} {[%emt 00:00:05]}
20. Kh1 {[%clk 00:34:55]} {[%emt 00:00:04]} Qc7 {[%clk 01:03:05]} {[%emt
00:01:47]} 21. Rb2 {[%clk 00:32:05]} {[%emt 00:03:20]} Na5 {[%clk 01:00:30]}
{[%emt 00:03:06]} 22. Rfb1 {[%clk 00:21:43]} {[%emt 00:10:52]} Rfd8 {[%clk
00:59:15]} {[%emt 00:01:44]} 23. Ra2 {[%clk 00:17:54]} {[%emt 00:04:19]} Rd7
{[%clk 00:58:53]} {[%emt 00:00:52]} 24. Bc4 {[%clk 00:13:45]} {[%emt 00:04:39]}
Rad8 {[%clk 00:58:47]} {[%emt 00:00:36]} 25. Bd5 {[%clk 00:13:55]} {[%emt
00:00:20]} Ba7 {[%clk 00:52:52]} {[%emt 00:06:25]} 26. Rc2 {[%clk 00:12:32]}
{[%emt 00:01:53]} Qc5 {[%clk 00:52:12]} {[%emt 00:01:10]} 27. Nf5 {[%clk
00:10:29]} {[%emt 00:02:33]} Qf8 {[%clk 00:47:43]} {[%emt 00:04:59]} 28. g4
{[%clk 00:09:22]} {[%emt 00:01:37]} g6 {[%clk 00:47:22]} {[%emt 00:00:50]} 29.
Ng3 {[%clk 00:07:41]} {[%emt 00:02:12]} Qh6 {[%clk 00:46:43]} {[%emt 00:01:09]}
30. Kg2 {[%clk 00:07:49]} {[%emt 00:00:21]} Rc7 {[%clk 00:44:55]} {[%emt
00:02:19]} 31. Qd3 {[%clk 00:06:15]} {[%emt 00:02:00]} Rdc8 {[%clk 00:44:40]}
{[%emt 00:00:49]} 32. c4 {[%clk 00:05:06]} {[%emt 00:01:39]} Bd4 {[%clk
00:41:26]} {[%emt 00:03:44]} 33. Ne2 {[%clk 00:03:27]} {[%emt 00:02:08]} Qe3
{[%clk 00:40:10]} {[%emt 00:01:46]} 34. Qxe3 {[%clk 00:03:33]} {[%emt
00:00:25]} Bxe3 {[%clk 00:40:38]} {[%emt 00:00:02]} 35. Rcb2 {[%clk 00:02:41]}
{[%emt 00:01:22]} b6 {[%clk 00:40:37]} {[%emt 00:00:31]} 36. Rc2 {[%clk
00:00:32]} {[%emt 00:02:40]} Kg7 {[%clk 00:35:26]} {[%emt 00:05:40]} 37. h4
{[%clk 00:00:37]} {[%emt 00:00:25]} Kf6 {[%clk 00:34:49]} {[%emt 00:01:07]} 38.
g5+ {[%clk 00:00:51]} {[%emt 00:00:15]} Kg7 {[%clk 00:34:28]} {[%emt 00:00:51]}
39. Kg3 {[%clk 00:00:38]} {[%emt 00:00:44]} h6 {[%clk 00:34:36]} {[%emt
00:00:22]} 40. f4 {[%clk 00:30:51]} {[%emt 00:00:17]} hxg5 {[%clk 01:02:56]}
{[%emt 00:02:10]} 41. hxg5 {[%clk 00:27:20]} {[%emt 00:04:00]} Nxc4 {[%clk
01:02:16]} {[%emt 00:01:11]} 42. Rb3 {[%clk 00:19:31]} {[%emt 00:08:19]} exf4+
{[%clk 01:01:11]} {[%emt 00:01:35]} 43. Nxf4 {[%clk 00:17:44]} {[%emt
00:02:17]} b5 {[%clk 00:58:57]} {[%emt 00:02:44]} 44. axb5 {[%clk 00:16:58]}
{[%emt 00:01:16]} axb5 {[%clk 00:58:46]} {[%emt 00:00:41]} 45. Rxb5 {[%clk
00:12:53]} {[%emt 00:04:35]} Nd6 {[%clk 00:58:13]} {[%emt 00:01:02]} 46. Rxc7
{[%clk 00:13:05]} {[%emt 00:00:18]} Rxc7 {[%clk 00:58:37]} {[%emt 00:00:06]} 47.
Rb3 {[%clk 00:12:37]} {[%emt 00:00:56]} Bd4 {[%emt 00:00:04]} 1/2-1/2

[Event "Senior Women Russian Championship 2022_HL"]
[Site "Saint-Petersburg, Russia"]
[Date "2022.10.01"]
[Round "8.2"]
[White "Mikhaylova, Irina"]
[Black "Sirotkina, Nina"]
[Result "1/2-1/2"]
[TimeControl "Standard: 90min/40moves+30min/end+30sec increment per move starting from move 1"]
[WhiteElo "2266"]
[BlackElo "2190"]

1. d4 {[%clk 01:30:56]} {[%emt 00:00:03]} d5 {[%clk 01:30:40]} {[%emt
00:00:21]} 2. c4 {[%clk 01:30:57]} {[%emt 00:00:29]} e6 {[%clk 01:30:28]}
{[%emt 00:00:43]} 3. Nc3 {[%clk 01:30:36]} {[%emt 00:00:50]} Be7 {[%clk
01:27:30]} {[%emt 00:03:28]} 4. Nf3 {[%clk 01:26:32]} {[%emt 00:04:35]} Nf6
{[%clk 01:27:22]} {[%emt 00:00:38]} 5. Bg5 {[%clk 01:26:52]} {[%emt 00:00:09]}
O-O {[%clk 01:23:12]} {[%emt 00:04:40]} 6. e3 {[%clk 01:26:44]} {[%emt
00:00:38]} b6 {[%clk 01:19:40]} {[%emt 00:04:03]} 7. Qc2 {[%clk 01:23:11]}
{[%emt 00:04:02]} Bb7 {[%clk 01:17:08]} {[%emt 00:03:02]} 8. Rd1 {[%clk
01:22:37]} {[%emt 00:01:04]} Nbd7 {[%clk 01:12:53]} {[%emt 00:04:46]} 9. Be2
{[%clk 01:16:53]} {[%emt 00:06:13]} h6 {[%clk 01:04:47]} {[%emt 00:08:36]} 10.
Bh4 {[%clk 01:16:56]} {[%emt 00:00:27]} Rc8 {[%clk 00:58:34]} {[%emt 00:06:43]}
11. O-O {[%clk 01:12:44]} {[%emt 00:04:41]} dxc4 {[%clk 00:50:04]} {[%emt
00:09:02]} 12. Bxc4 {[%clk 01:05:36]} {[%emt 00:07:37]} Nd5 {[%clk 00:44:36]}
{[%emt 00:05:57]} 13. Bxe7 {[%clk 00:55:10]} {[%emt 00:10:57]} Qxe7 {[%clk
00:42:23]} {[%emt 00:02:43]} 14. Nxd5 {[%clk 00:54:29]} {[%emt 00:01:11]} exd5
{[%clk 00:40:54]} {[%emt 00:01:59]} 15. Bd3 {[%clk 00:54:25]} {[%emt 00:00:33]}
c5 {[%emt 00:12:17]} 16. dxc5 bxc5 17. Bh7+ {[%emt 00:00:05]} Kh8 {[%emt
00:00:02]} 18. Bf5 Rc7 {[%emt 00:00:15]} 19. Qa4 {[%emt 00:00:03]} Nf6 {[%emt
00:00:14]} 1/2-1/2

[Event "Senior Women Russian Championship 2022_HL"]
[Site "Saint-Petersburg, Russia"]
[Date "2022.10.01"]
[Round "8.3"]
[White "Ivanova, Tatiana"]
[Black "Sazonova, Elena N."]
[Result "1-0"]
[TimeControl "Standard: 90min/40moves+30min/end+30sec increment per move starting from move 1"]
[WhiteElo "2127"]
[BlackElo "2120"]

1. d4 {[%clk 01:30:57]} {[%emt 00:00:02]} Nf6 {[%clk 01:30:49]} {[%emt
00:00:12]} 2. Nf3 {[%clk 01:31:16]} {[%emt 00:00:12]} g6 {[%clk 01:31:07]}
{[%emt 00:00:11]} 3. Bf4 {[%clk 01:31:19]} {[%emt 00:00:26]} Bg7 {[%clk
01:31:11]} {[%emt 00:00:27]} 4. e3 {[%clk 01:31:22]} {[%emt 00:00:27]} O-O
{[%clk 01:31:18]} {[%emt 00:00:22]} 5. Be2 {[%clk 01:31:21]} {[%emt 00:00:31]}
d6 {[%clk 01:31:03]} {[%emt 00:00:45]} 6. h3 {[%clk 01:31:28]} {[%emt
00:00:24]} Nbd7 {[%clk 01:30:55]} {[%emt 00:00:38]} 7. O-O {[%clk 01:31:09]}
{[%emt 00:00:49]} b6 {[%clk 01:30:11]} {[%emt 00:01:14]} 8. c4 {[%clk
01:31:11]} {[%emt 00:00:28]} Bb7 {[%clk 01:29:42]} {[%emt 00:00:59]} 9. Nc3
{[%clk 01:31:29]} {[%emt 00:00:12]} Re8 {[%clk 01:23:04]} {[%emt 00:07:07]} 10.
Qc2 {[%clk 01:29:58]} {[%emt 00:02:02]} c5 {[%clk 01:18:10]} {[%emt 00:05:24]}
11. d5 {[%clk 01:23:13]} {[%emt 00:07:14]} a6 {[%clk 01:12:46]} {[%emt
00:05:55]} 12. Rfd1 {[%clk 01:21:46]} {[%emt 00:01:56]} Rb8 {[%clk 01:07:58]}
{[%emt 00:05:18]} 13. Rab1 {[%clk 01:14:43]} {[%emt 00:07:34]} Qc7 {[%clk
01:03:21]} {[%emt 00:05:06]} 14. a3 {[%clk 00:59:06]} {[%emt 00:16:08]} Ne5
{[%clk 00:58:56]} {[%emt 00:04:55]} 15. Nxe5 {[%clk 00:49:26]} {[%emt
00:10:10]} dxe5 {[%clk 00:59:01]} {[%emt 00:00:24]} 16. Bg3 {[%clk 00:49:46]}
{[%emt 00:00:10]} Red8 {[%clk 00:58:30]} {[%emt 00:01:01]} 17. f4 {[%clk
00:40:25]} {[%emt 00:09:52]} Ne8 {[%clk 00:58:02]} {[%emt 00:00:57]} 18. f5
{[%clk 00:39:34]} {[%emt 00:01:21]} Nd6 {[%clk 00:53:18]} {[%emt 00:05:14]} 19.
fxg6 {[%clk 00:38:52]} {[%emt 00:01:12]} hxg6 {[%clk 00:53:19]} {[%emt
00:00:29]} 20. e4 {[%clk 00:38:43]} {[%emt 00:00:39]} Bc8 {[%clk 00:50:53]}
{[%emt 00:02:56]} 21. Rf1 {[%clk 00:35:51]} {[%emt 00:03:22]} b5 {[%clk
00:47:10]} {[%emt 00:04:14]} 22. cxb5 {[%clk 00:33:52]} {[%emt 00:02:30]} axb5
{[%clk 00:47:28]} {[%emt 00:00:11]} 23. a4 {[%clk 00:32:55]} {[%emt 00:01:27]}
Bd7 {[%clk 00:39:32]} {[%emt 00:08:25]} 24. Nxb5 {[%clk 00:31:38]} {[%emt
00:01:47]} Nxb5 {[%clk 00:29:35]} {[%emt 00:10:27]} 25. Bxb5 {[%clk 00:31:43]}
{[%emt 00:00:25]} Bxb5 {[%clk 00:29:55]} {[%emt 00:00:10]} 26. axb5 {[%clk
00:32:09]} {[%emt 00:00:04]} Rxb5 {[%clk 00:30:15]} {[%emt 00:00:11]} 27. Be1
{[%clk 00:25:08]} {[%emt 00:07:31]} Qb7 {[%clk 00:22:39]} {[%emt 00:08:06]} 28.
Qf2 {[%clk 00:23:34]} {[%emt 00:02:03]} Rf8 {[%clk 00:21:23]} {[%emt 00:01:45]}
29. Bc3 {[%clk 00:23:36]} {[%emt 00:00:29]} Qc7 {[%clk 00:16:37]} {[%emt
00:05:16]} 30. Ra1 {[%clk 00:23:29]} {[%emt 00:00:37]} Qd6 {[%clk 00:13:39]}
{[%emt 00:03:29]} 31. Ra7 {[%clk 00:22:21]} {[%emt 00:01:37]} Bf6 {[%clk
00:09:30]} {[%emt 00:04:38]} 32. Rfa1 {[%clk 00:21:09]} {[%emt 00:01:43]} Rfb8
{[%clk 00:08:46]} {[%emt 00:01:15]} 33. Qg3 {[%clk 00:20:30]} {[%emt 00:01:08]}
R8b7 {[%clk 00:07:50]} {[%emt 00:01:26]} 34. Qg4 {[%clk 00:18:34]} {[%emt
00:02:26]} Qc7 {[%clk 00:05:22]} {[%emt 00:02:58]} 35. Rxb7 {[%clk 00:17:08]}
{[%emt 00:01:57]} Rxb7 {[%clk 00:05:30]} {[%emt 00:00:22]} 36. Ra8+ {[%clk
00:16:19]} {[%emt 00:01:18]} Rb8 {[%clk 00:05:42]} {[%emt 00:00:18]} 37. Ra6
{[%clk 00:16:30]} {[%emt 00:00:20]} Qc8 {[%clk 00:05:38]} {[%emt 00:00:33]} 38.
Qxc8+ {[%clk 00:16:10]} {[%emt 00:00:50]} Rxc8 {[%clk 00:06:07]} {[%emt
00:00:02]} 39. Rc6 {[%clk 00:16:28]} {[%emt 00:00:11]} Ra8 {[%clk 00:01:52]}
{[%emt 00:04:45]} 40. Rxc5 {[%clk 00:46:39]} {[%emt 00:00:20]} 1-0

[Event "Senior Women Russian Championship 2022_HL"]
[Site "Saint-Petersburg, Russia"]
[Date "2022.10.01"]
[Round "8.4"]
[White "Solomonova, Lidiya"]
[Black "Fatalibekova, Elena"]
[Result "1/2-1/2"]
[TimeControl "Standard: 90min/40moves+30min/end+30sec increment per move starting from move 1"]
[WhiteElo "2168"]
[BlackElo "2140"]

1. e4 {[%clk 01:30:56]} {[%emt 00:00:03]} c5 {[%clk 01:30:51]} {[%emt
00:00:09]} 2. c3 {[%clk 01:31:09]} {[%emt 00:00:17]} d5 {[%clk 01:30:47]}
{[%emt 00:00:34]} 3. exd5 {[%clk 01:31:15]} {[%emt 00:00:25]} Qxd5 {[%clk
01:31:15]} {[%emt 00:00:01]} 4. d4 {[%clk 01:31:13]} {[%emt 00:00:32]} Nf6
{[%clk 01:31:08]} {[%emt 00:00:37]} 5. Nf3 {[%clk 01:31:27]} {[%emt 00:00:17]}
e6 {[%clk 01:30:59]} {[%emt 00:00:38]} 6. Bd3 {[%clk 01:30:09]} {[%emt
00:01:48]} Be7 {[%clk 01:29:51]} {[%emt 00:01:39]} 7. O-O {[%clk 01:30:04]}
{[%emt 00:00:35]} O-O {[%clk 01:29:44]} {[%emt 00:00:36]} 8. Na3 {[%clk
01:28:25]} {[%emt 00:02:09]} a6 {[%clk 01:27:39]} {[%emt 00:02:37]} 9. Nc4
{[%clk 01:25:35]} {[%emt 00:03:18]} Nbd7 {[%clk 01:26:24]} {[%emt 00:01:45]} 10.
Re1 {[%clk 01:19:06]} {[%emt 00:07:00]} b5 {[%clk 01:25:35]} {[%emt 00:01:19]}
11. Ne3 {[%clk 01:14:35]} {[%emt 00:05:01]} Qd6 {[%clk 01:23:50]} {[%emt
00:02:14]} 12. Qe2 {[%clk 01:13:01]} {[%emt 00:02:04]} Re8 {[%clk 01:20:03]}
{[%emt 00:04:16]} 13. a4 {[%clk 01:11:09]} {[%emt 00:02:23]} c4 {[%clk
01:20:05]} {[%emt 00:00:28]} 14. Bc2 {[%clk 01:11:23]} {[%emt 00:00:16]} Bb7
{[%clk 01:20:34]} {[%emt 00:00:02]} 15. a5 {[%clk 01:06:32]} {[%emt 00:05:21]}
Nd5 {[%clk 01:18:19]} {[%emt 00:02:44]} 16. Nxd5 {[%clk 01:01:23]} {[%emt
00:05:40]} Qxd5 {[%clk 01:18:15]} {[%emt 00:00:34]} 17. Qf1 {[%clk 01:00:45]}
{[%emt 00:01:09]} Nf6 {[%clk 01:16:46]} {[%emt 00:01:58]} 18. Bg5 {[%clk
00:58:35]} {[%emt 00:02:40]} Qd6 {[%clk 01:14:37]} {[%emt 00:02:39]} 19. Ne5
{[%clk 00:58:03]} {[%emt 00:01:03]} Nd5 {[%clk 01:14:35]} {[%emt 00:00:32]} 20.
Bxe7 {[%clk 00:53:11]} {[%emt 00:05:22]} Rxe7 {[%clk 01:15:03]} {[%emt
00:00:02]} 21. g3 {[%clk 00:51:03]} {[%emt 00:02:38]} Rc8 {[%clk 01:09:39]}
{[%emt 00:05:54]} 22. Qh3 {[%clk 00:49:21]} {[%emt 00:02:12]} h6 {[%clk
01:07:44]} {[%emt 00:02:25]} 23. Ng4 {[%clk 00:47:42]} {[%emt 00:02:09]} f5
{[%clk 01:06:55]} {[%emt 00:01:19]} 24. Ne5 {[%clk 00:47:18]} {[%emt 00:00:54]}
b4 {[%clk 01:06:57]} {[%emt 00:00:29]} 25. Qh4 {[%clk 00:34:37]} {[%emt
00:13:10]} bxc3 {[%clk 01:02:30]} {[%emt 00:04:58]} 26. bxc3 {[%clk 00:35:01]}
{[%emt 00:00:05]} Nxc3 {[%clk 01:01:42]} {[%emt 00:01:17]} 27. Re3 {[%clk
00:29:45]} {[%emt 00:05:46]} Nd5 {[%clk 00:54:50]} {[%emt 00:07:23]} 28. Ree1
{[%clk 00:29:51]} {[%emt 00:00:24]} Nb4 {[%clk 00:39:11]} {[%emt 00:16:08]} 29.
Ba4 {[%clk 00:27:33]} {[%emt 00:02:48]} Nd3 {[%clk 00:30:35]} {[%emt 00:09:06]}
30. Re3 {[%clk 00:27:00]} {[%emt 00:01:03]} f4 {[%clk 00:21:52]} {[%emt
00:09:14]} 31. gxf4 {[%clk 00:14:10]} {[%emt 00:13:19]} Qxd4 {[%clk 00:22:07]}
{[%emt 00:00:16]} 32. Rd1 {[%clk 00:14:17]} {[%emt 00:00:23]} Qxf4 {[%clk
00:13:12]} {[%emt 00:09:25]} 33. Qxf4 {[%clk 00:12:04]} {[%emt 00:02:42]} Nxf4
{[%clk 00:13:41]} {[%emt 00:00:02]} 34. Bc2 {[%clk 00:09:52]} {[%emt 00:02:43]}
Nd5 {[%clk 00:13:33]} {[%emt 00:00:38]} 35. Rg3 {[%clk 00:09:43]} {[%emt
00:00:38]} Rc5 {[%clk 00:06:43]} {[%emt 00:07:19]} 36. h4 {[%clk 00:07:00]}
{[%emt 00:03:14]} Nf6 {[%clk 00:03:52]} {[%emt 00:03:21]} 37. f4 {[%clk
00:03:50]} {[%emt 00:03:40]} Bd5 {[%clk 00:04:08]} {[%emt 00:00:14]} 38. Ra3
{[%clk 00:02:51]} {[%emt 00:01:29]} Rb7 {[%clk 00:04:31]} {[%emt 00:00:07]} 39.
f5 {[%clk 00:02:33]} {[%emt 00:00:49]} Rb2 {[%clk 00:04:34]} {[%emt 00:00:27]}
40. Rc3 {[%clk 00:32:13]} {[%emt 00:00:50]} exf5 {[%clk 00:33:53]} {[%emt
00:01:11]} 41. Bxf5 {[%clk 00:32:18]} {[%emt 00:00:24]} Rg2+ {[%clk 00:33:43]}
{[%emt 00:00:40]} 42. Kf1 {[%clk 00:32:43]} {[%emt 00:00:06]} Rh2 {[%clk
00:33:37]} {[%emt 00:00:36]} 43. Rxd5 {[%clk 00:25:36]} {[%emt 00:07:36]} Nxd5
{[%clk 00:33:48]} {[%emt 00:00:18]} 44. Rf3 {[%clk 00:25:23]} {[%emt 00:00:44]}
Nc7 {[%clk 00:30:18]} {[%emt 00:04:00]} 45. Ng6 {[%clk 00:20:48]} {[%emt
00:05:05]} Rxf5 {[%clk 00:28:32]} {[%emt 00:02:16]} 46. Rxf5 {[%clk 00:21:11]}
{[%emt 00:00:07]} c3 {[%clk 00:28:21]} {[%emt 00:00:41]} 47. Rc5 {[%clk
00:16:44]} {[%emt 06:04:57]} c2 {[%clk 00:28:29]} {[%emt 00:00:22]} 48. Ke1
{[%clk 00:16:59]} {[%emt 00:00:14]} Ne6 {[%clk 00:27:59]} {[%emt 00:01:01]} 49.
Rc8+ {[%clk 00:16:36]} {[%emt 00:00:54]} Kf7 {[%clk 00:28:07]} {[%emt
00:00:21]} 50. Ne5+ {[%clk 00:16:49]} {[%emt 00:00:17]} Ke7 {[%clk 00:28:15]}
{[%emt 00:00:22]} 51. Nf3 {[%clk 00:15:56]} {[%emt 00:01:23]} Rh1+ {[%clk
00:23:40]} {[%emt 00:05:06]} 52. Kd2 {[%clk 00:16:22]} {[%emt 00:00:04]} Rf1
{[%clk 00:23:54]} {[%emt 00:00:14]} 53. Ne5 {[%clk 00:16:19]} {[%emt 00:00:35]}
Nd4 {[%clk 00:23:51]} {[%emt 00:00:33]} 54. Nd3 {[%clk 00:15:30]} {[%emt
00:01:19]} Rd1+ {[%clk 00:14:23]} {[%emt 00:09:57]} 55. Ke3 {[%clk 00:15:26]}
{[%emt 00:00:35]} Nf5+ {[%clk 00:14:27]} {[%emt 00:00:26]} 56. Ke2 {[%clk
00:15:39]} {[%emt 00:00:17]} Rh1 {[%emt 00:01:19]} 57. Kd2 {[%clk 00:14:08]}
{[%emt 00:01:59]} Rh2+ {[%clk 00:13:56]} {[%emt 00:00:12]} 58. Kc3 {[%clk
00:12:50]} {[%emt 00:01:49]} Ne3 {[%clk 00:09:51]} {[%emt 00:04:35]} 59. Rc6
{[%clk 00:12:55]} {[%emt 00:00:25]} Rxh4 {[%clk 00:09:20]} {[%emt 00:01:01]} 60.
Kd2 {[%clk 00:11:18]} {[%emt 00:02:08]} Nd5 {[%clk 00:08:10]} {[%emt 00:01:39]}
61. Kxc2 {[%clk 00:11:24]} {[%emt 00:00:25]} Rh2+ {[%clk 00:08:02]} {[%emt
00:00:37]} 62. Kd1 {[%clk 00:11:10]} {[%emt 00:00:44]} Rh3 {[%clk 00:05:52]}
{[%emt 00:02:40]} 63. Ne5 {[%clk 00:10:59]} {[%emt 00:00:42]} Nb4 {[%clk
00:05:46]} {[%emt 00:00:36]} 64. Rb6 {[%clk 00:11:15]} {[%emt 00:00:14]} Re3
{[%clk 00:05:08]} {[%emt 00:01:07]} 65. Nc4 {[%clk 00:10:20]} {[%emt 00:01:26]}
Rd3+ {[%clk 00:04:25]} {[%emt 00:01:12]} 66. Ke2 {[%clk 00:09:27]} {[%emt
00:01:23]} Rb3 {[%clk 00:04:54]} {[%emt 00:00:01]} 67. Ne5 {[%clk 00:09:09]}
{[%emt 00:00:49]} Rb2+ {[%clk 00:04:27]} {[%emt 00:00:57]} 68. Kf3 {[%clk
00:09:22]} {[%emt 00:00:17]} g5 {[%clk 00:02:50]} {[%emt 00:02:07]} 69. Rxb4
{[%clk 00:09:35]} {[%emt 00:00:17]} Rxb4 {[%clk 00:03:19]} {[%emt 00:00:01]} 70.
Nc6+ {[%clk 00:09:58]} {[%emt 00:00:07]} Kd6 {[%clk 00:03:48]} 71. Nxb4 {[%clk
00:10:21]} {[%emt 00:00:08]} Kc5 {[%clk 00:04:13]} {[%emt 00:00:05]} 72. Nxa6+
{[%clk 00:10:35]} {[%emt 00:00:16]} Kb5 {[%clk 00:04:42]} 73. Nc7+ {[%clk
00:10:52]} {[%emt 00:00:12]} 1/2-1/2

[Event "Senior Women Russian Championship 2022_HL"]
[Site "Saint-Petersburg, Russia"]
[Date "2022.10.01"]
[Round "8.5"]
[White "Khropova, Larisa"]
[Black "Gladisheva, Tatjana"]
[Result "1/2-1/2"]
[TimeControl "Standard: 90min/40moves+30min/end+30sec increment per move starting from move 1"]
[WhiteElo "2031"]
[BlackElo "2162"]

1. Nf3 {[%clk 01:30:54]} {[%emt 00:00:05]} c5 {[%clk 01:30:43]} {[%emt
00:00:17]} 2. g3 {[%clk 01:31:16]} {[%emt 00:00:08]} d5 {[%clk 01:30:41]}
{[%emt 00:00:32]} 3. Bg2 {[%clk 01:31:35]} {[%emt 00:00:11]} Nc6 {[%clk
01:30:54]} {[%emt 00:00:18]} 4. d4 {[%clk 01:31:49]} {[%emt 00:00:16]} e6
{[%clk 01:28:56]} {[%emt 00:02:27]} 5. O-O {[%clk 01:31:32]} {[%emt 00:00:47]}
Nf6 {[%clk 01:29:03]} {[%emt 00:00:24]} 6. c4 {[%clk 01:27:40]} {[%emt
00:04:21]} Ne4 {[%clk 01:23:34]} {[%emt 00:05:59]} 7. cxd5 {[%clk 01:25:20]}
{[%emt 00:02:50]} exd5 {[%clk 01:23:42]} {[%emt 00:00:22]} 8. e3 {[%clk
01:20:11]} {[%emt 00:05:39]} Be7 {[%clk 01:22:33]} {[%emt 00:01:39]} 9. dxc5
{[%clk 01:18:04]} {[%emt 00:02:37]} O-O {[%clk 01:22:21]} {[%emt 00:00:42]} 10.
Nbd2 {[%clk 01:16:12]} {[%emt 00:02:22]} Nxc5 {[%clk 01:20:54]} {[%emt
00:01:58]} 11. Nb3 {[%clk 01:15:33]} {[%emt 00:01:08]} Be6 {[%clk 01:20:26]}
{[%emt 00:00:58]} 12. Nbd4 {[%clk 01:14:01]} {[%emt 00:02:02]} Rc8 {[%clk
01:18:53]} {[%emt 00:02:03]} 13. b3 {[%clk 01:12:42]} {[%emt 00:01:49]} Bf6
{[%clk 01:14:57]} {[%emt 00:04:27]} 14. Bb2 {[%clk 01:08:42]} {[%emt 00:04:30]}
Qd7 {[%clk 01:08:14]} {[%emt 00:07:13]} 15. Ba3 {[%clk 00:59:54]} {[%emt
00:09:17]} Ne7 {[%clk 01:05:37]} {[%emt 00:03:07]} 16. Rc1 {[%clk 00:59:41]}
{[%emt 00:00:43]} Ne4 {[%clk 01:02:06]} {[%emt 00:04:01]} 17. Qd3 {[%clk
00:52:01]} {[%emt 00:08:10]} a6 {[%clk 00:56:55]} {[%emt 00:05:42]} 18. h4
{[%clk 00:48:25]} {[%emt 00:04:06]} Rfd8 {[%clk 00:56:43]} {[%emt 00:00:42]} 19.
Rfe1 {[%clk 00:47:42]} {[%emt 00:01:12]} Nf5 {[%clk 00:53:31]} {[%emt
00:03:41]} 20. Bb2 {[%clk 00:38:53]} {[%emt 00:09:19]} h6 {[%clk 00:49:15]}
{[%emt 00:04:48]} 21. Qe2 {[%clk 00:37:39]} {[%emt 00:01:43]} Nfd6 {[%clk
00:46:02]} {[%emt 00:03:43]} 22. Qf1 {[%clk 00:35:31]} {[%emt 00:02:37]} Nf5
{[%clk 00:39:31]} {[%emt 00:07:03]} 23. Qd3 {[%clk 00:35:10]} {[%emt 00:00:50]}
1/2-1/2